00381nam a2200133Ia 4500008004100000041001200041082000800053082001100061100004500072245008600117260001900203260000900222650001600231150909s9999 xx 000 0 und d aEnglish a630 bMIN/RE aMinistry of Agriculture And Irrigation  aReport of the national commission on agriculture 1976 : climate and agriculture * bGovt. of India c1976 aAgriculture